Géographie par lettre - G - Statistiques

Statistiques générales
  • Ce quiz a été pris 225 fois
  • Le résultat moyen est 9 sur 15
Statistiques - réponses
Questions Réponses % Correct
Quel pays africain peut être Bissau ou Equatoriale ? Guinée
97%
Quel pays, à ne pas confondre avec un département français, se situe au Nord du Brésil ? Guyana
91%
Dans quel pays actuel est né Joseph Staline ? Géorgie
90%
Quel pays au Sud du Mexique a une capitale portant le même nom ? Guatemala
88%
Quelle ville française se situe au pied des Alpes ? Grenoble
85%
Quel pays est majoritairement enclavé par le Sénégal ? Gambie
83%
Quel golfe borde la majeure partie du littoral occidental français ? Gascogne
67%
Quelle ville du Sud de la France est la capitale du parfum ? Grasse
58%
Quelle est la capitale de celui-ci ? Georgetown
55%
Quelle région est la plus occidentale de l'Espagne métropolitaine ? Galice
50%
Quelle est la capitale du Botswana ? Gaborone
43%
Quelle ville autrichienne est la deuxième par sa population ? Graz
39%
Quel est le nouveau nom de la capitale du Burundi ? Gitega
36%
De quelle région du Proche-Orient était originaire Jésus ? Galilée
30%
Quel plateau des Alpes était un haut lieu de la Résistance française? Glières
14%
Aucun quiz correspondant
Distribution des résultats
% des personnes avec chaque résultat
Percentile par nombre de réponses
Votre historique - résultats
Vous n’avez pas pris ce quiz